[Event "WchT U26"]
[Site "Maringa"]
[Date "1991.??.??"]
[Round "4"]
[White "Sosa Macho, Federico"]
[Black "Egger, Jorge"]
[Result "1-0"]
[WhiteElo "2215"]
[BlackElo "2280"]

1.d4 Nf6 2.c4 g6 3.Nc3 Bg7 4.e4 d6 5.Nf3 O-O 6.Be2 e5 7.Be3 h6 8.O-O Ng4
9.Bc1 Nc6 10.d5 Ne7 11.Nd2 f5 12.Bxg4 fxg4 13.b4 b6 14.a4 g5 15.a5 Bd7 16.axb6 axb6
17.Bb2 Ng6 18.Rxa8 Qxa8 19.Qa1 Qd8 20.Qa7 Nf4 21.c5 Nd3 22.Ba3 bxc5 23.bxc5 dxc5
24.Bxc5 Nxc5 25.Qxc5 Bf6 26.Nc4 Be7 27.Qa5 Bd6 28.Nxd6 cxd6 29.Qxd8 Rxd8
30.Rb1 Rc8 31.Rb3 Ra8 32.Kf1 Ra1+ 33.Ke2 Kf7 34.Rb1 Rxb1 35.Nxb1 Ke7 36.Nc3 Kd8
37.Nd1 Kc7 38.Ne3 Kb6 39.Kd3 Kc5 40.Kc3 h5 41.Nc4 Bb5 42.Ne3 Bd7  1-0

[Event "WchT U26"]
[Site "Maringa"]
[Date "1991.??.??"]
[Round "6"]
[White "Sosa Macho, Federico"]
[Black "Hernandez, Yudania"]
[Result "1/2-1/2"]
[WhiteElo "2215"]
[BlackElo "2090"]

1.d4 Nf6 2.c4 g6 3.Nc3 Bg7 4.e4 d6 5.Be2 O-O 6.Nf3 e5 7.Be3 Nc6 8.d5 Ne7
9.Nd2 Nd7 10.b4 f5 11.f3 Nf6 12.Rc1 f4 13.Bf2 g5 14.c5 Ng6 15.cxd6 cxd6 16.Nb5 Rf7
17.Nxa7 Bd7 18.a4 Nh4 19.O-O Bf8 20.Nb5 Rg7 21.Rc3 Nxg2 22.Kxg2 g4 23.fxg4 Nxg4
24.Kh1 Qg5 25.Bxg4 Bxg4 26.Nf3 Qg6 27.Rg1 Qxe4 28.h3 Bxh3 29.Qc2 Qxc2 30.Rxc2 Rxa4
31.Rxg7+ Bxg7 32.Nxd6 Rxb4 33.Ng5 Bg4 34.Ne6 Bxe6 35.dxe6 Bf6 36.Rc8+ Kg7
37.Nf5+ Kg6 38.e7 Rb1+ 39.Kg2 Bxe7 40.Nxe7+ Kf7 41.Nd5 Ke6 42.Nb6 e4 43.Re8+ Kf5
44.Rf8+ Kg5 45.Rg8+ Kf5 46.Rf8+ Kg5 47.Rg8+ Kf5 48.Rf8+ Kg5  1/2-1/2

[Event "Melbourne Masters"]
[Site "Melbourne"]
[Date "1991.??.??"]
[Round "1"]
[White "Johansen, Darryl K"]
[Black "Danailov, Silvio"]
[Result "1-0"]
[WhiteElo "2465"]
[BlackElo "2475"]

1.d4 Nf6 2.c4 g6 3.Nc3 Bg7 4.e4 d6 5.Be2 O-O 6.Nf3 e5 7.dxe5 dxe5 8.Qxd8 Rxd8
9.Bg5 Na6 10.Nd5 Rd6 11.Nxf6+ Bxf6 12.Bxf6 Rxf6 13.Nxe5 Re6 14.f4 Nc5 15.O-O-O Re8
16.Bf3 f6 17.Nd3 Nxe4 18.Rhe1 Nd6 19.c5 Rxe1 20.Rxe1 Nf5 21.Re8+ Kf7 22.Rh8 Kg7
23.Rd8 Ne7 24.Bg4 Kf7 25.g3 a6 26.Bd7 h5 27.f5 g5 28.Be6+ Kg7 29.c6 b6 30.Re8 Bxe6
31.Rxe7+ Bf7 32.Rxc7 Kf8 33.Rb7 Rc8 34.Rxb6 Be8 35.Rxa6 Bxc6 36.Kd2 Bd7 37.h4 gxh4
38.gxh4 Ke7 39.Nf4 Rc5 40.b4  1-0

[Event "AUS-ch"]
[Site "Melbourne"]
[Date "1991.??.??"]
[Round "1"]
[White "Johansen, Darryl K"]
[Black "Levi, Eddy"]
[Result "1-0"]
[WhiteElo "2465"]
[BlackElo "2300"]

1.Nf3 Nf6 2.d4 g6 3.c4 Bg7 4.Nc3 O-O 5.e4 d6 6.Be2 e5 7.d5 c6 8.O-O cxd5
9.cxd5 Nbd7 10.Be3 Ne8 11.Rc1 f5 12.Ng5 Nc5 13.Bxc5 Qxg5 14.Ba3 f4 15.Kh1 Bd7
16.Qb3 Rb8 17.Nb5 Qe7 18.Nxa7 g5 19.Nc6 bxc6 20.Qxb8 cxd5 21.Qb7 Qf7 22.Qxd5 Be6
23.Qxe6 Qxe6 24.Bc4 Kf7 25.Rfd1 Qxc4 26.Rxc4 Ke7 27.f3 Kd7 28.Ra4 Bf6 29.Ra7+ Ke6
30.Rxh7 Be7 31.Kg1 Rg8 32.Kf2 g4 33.Rd5 Bd8 34.Rh6+ Kf7 35.Bxd6 Nf6 36.Rxf6+ Bxf6
37.Bxe5 Bh4+ 38.g3  1-0

[Event "AUS-ch"]
[Site "Melbourne"]
[Date "1991.??.??"]
[Round "11"]
[White "Johansen, Darryl K"]
[Black "Wohl, Aleksandar H"]
[Result "1-0"]
[WhiteElo "2465"]
[BlackElo "2275"]

1.d4 Nf6 2.Nf3 g6 3.c4 Bg7 4.Nc3 O-O 5.e4 d6 6.Be2 Na6 7.O-O e5 8.d5 Nc5
9.Qc2 a5 10.Bg5 Qe8 11.Nd2 Bd7 12.Qd1 h6 13.Bh4 Nh7 14.f3 f5 15.b3 Bf6 16.Bf2 b6
17.Rb1 Bg5 18.a3 Nf6 19.h4 Bxd2 20.Qxd2 f4 21.b4 axb4 22.axb4 Nb7 23.Ra1 Qe7
24.Nb5 Bxb5 25.cxb5 Nh5 26.Ra6 Kg7 27.Rfa1 Rab8 28.Qe1 Kh7 29.Rc1 Rf7 30.Ra7 Rg7
31.Bf1 g5 32.Qc3 gxh4 33.Qc6 h3 34.Rxb7 Rxb7 35.Qxb7 hxg2 36.Bd3 Qd7 37.Kh2 Nf6
38.Qb8 Ng4+ 39.fxg4 Qxg4 40.Qd8 Qf3 41.Kg1 Qxd3 42.Re1 Qxb5 43.Qc8 Qa4 44.Qf5+ Kh8
45.Qh3 Kh7 46.Rc1 Qa6 47.Bh4 Qe2 48.Qf5+ Kh8 49.Qf8+ Kh7 50.Qf5+ Kh8 51.Ra1 Qe3+
52.Bf2 Qf3 53.Qf8+ Kh7 54.Qf5+ Kh8 55.Bxb6 Rg8 56.Qf6+ Kh7 57.Qf5+ Kh8 58.Bf2 Qc3
59.Rb1 Qc2 60.Re1 Qb2 61.Qd7 Rg7 62.Qc8+ Kh7 63.Qf5+ Kh8 64.b5 Qxb5 65.Ra1 Qb7
66.Kh2 c6 67.Bg1 cxd5 68.Ra7 Qb8 69.Qf6 Qg8 70.Rd7 Kh7 71.Qf5+ Kh8 72.Rxd6 dxe4
73.Rxh6+  1-0

[Event "Meudon op"]
[Site "Meudon"]
[Date "1991.??.??"]
[Round "2"]
[White "Sokolin, Leonid M"]
[Black "Todorov, Milko"]
[Result "1-0"]
[WhiteElo "2410"]
[BlackElo "2295"]

1.c4 Nf6 2.d4 g6 3.Nc3 Bg7 4.e4 d6 5.Nf3 O-O 6.Be2 e5 7.Be3 Nc6 8.d5 Ne7
9.Nd2 h5 10.h3 c6 11.g4 hxg4 12.hxg4 cxd5 13.cxd5 Nd7 14.Nc4 Nc5 15.b4 Na6
16.b5 Nc7 17.Qd2 f6 18.f4 a6 19.Nb6 Rb8 20.f5 g5 21.a4 Kf7 22.Kf2 Rh8 23.Rxh8 Qxh8
24.Kg2 Qd8 25.Qb2 axb5 26.axb5 Bd7 27.Nxd7 Qxd7 28.b6 Ne8 29.Nb1 Qd8 30.Nd2 Bf8
31.Bb5 Nc8 32.Nc4 Be7 33.Qb1 Bf8 34.Ra2 Kg8 35.Qa1 Kf7 36.Ra5 Bg7 37.Qa4 Kf8
38.Ra8 Ne7 39.Rxb8 Qxb8 40.Bxe8  1-0

[Event "Meudon op"]
[Site "Meudon"]
[Date "1991.??.??"]
[Round "6"]
[White "Dussol, Pierre"]
[Black "Apicella, Manuel"]
[Result "1/2-1/2"]
[WhiteElo "2220"]
[BlackElo "2430"]

1.d4 Nf6 2.Nf3 g6 3.c4 Bg7 4.Nc3 d6 5.e4 O-O 6.Be2 e5 7.O-O Na6 8.Bg5 h6
9.Be3 Ng4 10.Bc1 c6 11.dxe5 Nxe5 12.Nd4 Qb6 13.Be3 Qxb2 14.Na4 Qb4 15.Bd2 Qa3  1/2-1/2

[Event "Meudon op"]
[Site "Meudon"]
[Date "1991.??.??"]
[Round "6"]
[White "Alfonsi, JF."]
[Black "San Marco, Bruno"]
[Result "0-1"]
[WhiteElo "2020"]
[BlackElo "2265"]

1.d4 Nf6 2.c4 g6 3.Nc3 Bg7 4.e4 d6 5.Nf3 O-O 6.Be2 Na6 7.O-O e5 8.dxe5 dxe5
9.Qxd8 Rxd8 10.Bg5 Re8 11.h3 c6 12.Rfd1 Nc5 13.Nd2 Ne6 14.Be3 Nd4 15.Rac1 Be6
16.Bf1 Nd7 17.Nb3 Nxb3 18.axb3 Bf8 19.Ra1 a6 20.Nd5 cxd5 21.cxd5 Bxd5 22.exd5 Bd6
23.Rac1 Rac8 24.Rc4 f5 25.Rdc1 Ra8 26.b4 e4 27.Bc5 Bf4 28.R1c2 b5 29.Rd4 Rec8
30.Rd1 Kf7 31.g3 Bh6 32.Rc3 Bg7 33.Rc2 Ne5 34.Rdc1 Ke8 35.Ra1 Kf7 36.Rac1 Rd8
37.Rd1 Rac8 38.b3 Nf3+ 39.Kg2 Bf8 40.Rcc1 Bg7 41.Be2 Ne5 42.Rc2 Nd7 43.Ra2 Ra8
44.Rc2 Nf6 45.Rcd2 Bh6 46.Be3 Bxe3 47.fxe3 Rac8 48.d6 Rd7 49.g4 Ke6 50.gxf5+ gxf5
51.Kg3 Ke5 52.Kh4 Rc3 53.Ra1 Rc6 54.Rad1 Rdxd6 55.Rxd6 Rxd6 56.Rxd6 Kxd6
57.Kg5 Ke5 58.Kh6 Nd5 59.Kxh7 Kf6 60.h4 Nxe3 61.h5 f4 62.h6 Kg5 63.Bd1 f3  0-1

[Event "Miedzybrodzie op"]
[Site "Miedzybrodzie"]
[Date "1991.??.??"]
[Round "3"]
[White "Przewoznik, Jan"]
[Black "Kislov, Mikhail"]
[Result "1/2-1/2"]
[WhiteElo "2395"]
[BlackElo "2430"]

1.Nf3 Nf6 2.c4 d6 3.d4 g6 4.Nc3 Bg7 5.e4 O-O 6.Be2 e5 7.Be3 Ng4 8.Bg5 f6
9.Bd2 exd4 10.Nxd4 f5 11.Bxg4 Bxd4 12.exf5 Nc6 13.O-O Bxf5 14.Bxf5 Rxf5 15.Ne2 Qh4
16.Nxd4 Qxd4 17.b3 Re8 18.Rc1 Qh4 19.Bc3 Re4 20.Rc2 Rh5 21.h3 Nd4 22.Bxd4 Rxd4
23.Rd2 Rxd2 24.Qxd2 Re5 25.f4 Rf5 26.Qe3 b6 27.Kh2  1/2-1/2

[Event "Miedzybrodzie op"]
[Site "Miedzybrodzie"]
[Date "1991.??.??"]
[Round "10"]
[White "Weglarz, Leszek"]
[Black "Drozdov, Igor"]
[Result "1-0"]
[WhiteElo "2360"]
[BlackElo "2360"]

1.d4 Nf6 2.c4 g6 3.Nc3 Bg7 4.e4 d6 5.Nf3 O-O 6.Be2 e5 7.O-O exd4 8.Nxd4 Re8
9.f3 c6 10.Kh1 Na6 11.Bg5 h6 12.Bh4 Nc5 13.Nb3 g5 14.Bg3 Nxb3 15.axb3 Bf8
16.f4 Nxe4 17.Nxe4 Rxe4 18.Bd3 Re7 19.fxg5 Bg7 20.gxh6 Bxb2 21.Rb1 Be5 22.Qh5  1-0

[Event "POL-chT"]
[Site "Mikolajki"]
[Date "1991.??.??"]
[Round "1"]
[White "Krasenkow, Michal"]
[Black "Kaula, Roman"]
[Result "1-0"]
[WhiteElo "2570"]
[BlackElo "2310"]

1.d4 Nf6 2.c4 g6 3.Nc3 Bg7 4.e4 d6 5.Nf3 O-O 6.Be2 e5 7.O-O Na6 8.Re1 c6
9.Bf1 exd4 10.Nxd4 Ng4 11.h3 Qb6 12.hxg4 Qxd4 13.g5 Nc5 14.Qf3 Qe5 15.Bf4 Qe7
16.Qg3 Be5 17.Rad1 Ne6 18.Bxe5 dxe5 19.Qxe5 Qxg5 20.Qxg5 Nxg5 21.f4 Ne6 22.f5 Ng5
23.Re3 Kg7 24.Rd6 f6 25.fxg6 hxg6 26.e5 fxe5 27.Rxe5 Bf5 28.Bd3 Rad8 29.Rxd8 Rxd8
30.Bxf5 Kf6 31.Ra5 gxf5 32.Rxa7 Rd2 33.Rxb7 f4 34.Kf1 Kf5 35.a4 Rc2 36.a5 Rc1+
37.Ke2 Rc2+ 38.Kf1 Rc1+ 39.Ke2 Rc2+ 40.Kd3 Rxg2 41.a6 Ne6 42.Ne4 Rg1 43.a7 Ra1
44.Rf7+ Ke5 45.Re7 Kf5 46.b3 Ng5 47.Nxg5 Kxg5 48.Rf7 Kg4 49.Ke4 Re1+ 50.Kd4  1-0

[Event "POL-chT"]
[Site "Mikolajki"]
[Date "1991.??.??"]
[Round "2"]
[White "Przewoznik, Jan"]
[Black "Krason, Jozef"]
[Result "0-1"]
[WhiteElo "2395"]
[BlackElo "2355"]

1.Nf3 Nf6 2.c4 g6 3.Nc3 Bg7 4.e4 d6 5.d4 O-O 6.Be2 e5 7.Be3 h6 8.O-O Ng4
9.Bc1 Nc6 10.d5 Ne7 11.Nd2 f5 12.Bxg4 fxg4 13.b4 g5 14.c5 Ng6 15.Nc4 Nh4
16.Be3 Rf6 17.cxd6 cxd6 18.Rc1 Qe8 19.a4 Bd7 20.Na5 Qh5 21.Nxb7 Raf8 22.Kh1 Nxg2
23.Kxg2 Rf3 24.Ne2 g3 25.Nxg3 Qh3+ 26.Kg1 Bg4 27.Qd2 h5 28.Nxd6 h4 29.Bxg5 hxg3
30.hxg3 R3f6 31.f3 Rxf3 32.Rxf3 Rxf3 33.Bh4 Bh6 34.Nf5 Bxd2 35.Rc8+ Kf7 36.Rc7+ Ke8
37.Rc8+ Kd7 38.Rd8+ Kc7 39.d6+ Kb7 40.Rd7+ Ka6  0-1

[Event "POL-chT"]
[Site "Mikolajki"]
[Date "1991.??.??"]
[Round "5"]
[White "Yuferov, Sergey  N"]
[Black "Rosiak, Andrzej"]
[Result "0-1"]
[WhiteElo "2395"]
[BlackElo "2350"]

1.d4 Nf6 2.Nf3 g6 3.c4 Bg7 4.Nc3 O-O 5.e4 d6 6.Be2 e5 7.d5 a5 8.Bg5 h6 9.Bh4 Na6
10.Nd2 Nc5 11.O-O c6 12.Rb1 Bd7 13.Nb3 Nxb3 14.Qxb3 Rb8 15.Rfd1 g5 16.Bg3 c5
17.Qc2 h5 18.f3 h4 19.Bf2 Nh5 20.a3 b6 21.b4 axb4 22.axb4 Qf6 23.bxc5 bxc5
24.Rxb8 Rxb8 25.Rb1 Rxb1+ 26.Qxb1 Nf4 27.Qb8+ Bf8 28.Qc7 Nxe2+ 29.Nxe2 Ba4
30.Qb6 Bd1 31.Nc3 Bxf3 32.gxf3 Qxf3 33.Qb2 Qg4+ 34.Kf1 Qh3+ 35.Ke2 Qxh2 36.Qc1 Be7
37.Qg1 Qh3 38.Nd1 g4 39.Be3 Qf3+ 40.Kd3 g3 41.Nf2 Bg5 42.Nh3 Bf4 43.Kd2 Qxe4
44.Bxf4 exf4 45.Qf1 Qe3+ 46.Kc2 Qe4+ 47.Kc3 f3 48.Qc1 Qe5+ 49.Kb3 f2 50.Nf4  0-1

[Event "POL-chT"]
[Site "Mikolajki"]
[Date "1991.??.??"]
[Round "6"]
[White "Lewandowska, Katarzyna"]
[Black "Tsifanskaya, Ludmila A"]
[Result "1/2-1/2"]
[WhiteElo "2125"]
[BlackElo "2230"]

1.d4 Nf6 2.Nf3 g6 3.c4 Bg7 4.Nc3 O-O 5.e4 d6 6.Be2 Nbd7 7.O-O e5 8.d5 Nc5
9.Qc2 a5 10.Bg5 h6 11.Be3 b6 12.Nd2 Nfd7 13.f3 f5 14.b3 f4 15.Bf2 Nf6 16.a3 g5
17.b4 Ncd7 18.c5 bxc5 19.bxc5 Nxc5 20.Bxc5 dxc5 21.Na4 g4 22.Nxc5 g3 23.h3 Nh7
24.Rfd1 Qh4 25.Ne6 Rf7 26.Qc6 Rb8 27.Rab1 Rxb1 28.Rxb1 Bd7 29.Qc2 Bf8 30.Bb5 Bxb5
31.Rxb5 Qe7 32.Rxa5 Ng5 33.Nxg5 hxg5 34.Ra8 Rf6 35.Nc4 c6 36.dxc6 Qf7 37.Ra4 Qe7
38.Ra5 Qf7 39.Ra4 Qe7 40.Ra5  1/2-1/2

[Event "Mittelfranken-ch"]
[Site "Mittelfranken"]
[Date "1991.??.??"]
[Round "?"]
[White "Schulte, Juergen"]
[Black "Schroll, Ralph"]
[Result "0-1"]
[WhiteElo "2095"]
[BlackElo "1975"]

1.d4 Nf6 2.c4 g6 3.Nc3 Bg7 4.e4 d6 5.Nf3 O-O 6.Be2 e5 7.dxe5 dxe5 8.Qxd8 Rxd8
9.Bg5 Nbd7 10.O-O-O Rf8 11.Ne1 Nc5 12.f3 c6 13.Nc2 Ne6 14.Be3 Re8 15.Kb1 Bf8
16.Rd2 Bc5 17.Bxc5 Nxc5 18.b4 Ne6 19.Rhd1 Kg7 20.Na4 Re7 21.a3 Rd7 22.c5 Rxd2
23.Rxd2 Kf8 24.Nb2 Ne8 25.Nc4 f6 26.Kb2 Ke7 27.g3 Rb8 28.h4 b6 29.cxb6 axb6
30.Bf1 Bd7 31.Bh3 Nf8 32.Bxd7 Nxd7 33.N2e3 Ng7 34.Kc3 Ne6 35.Nc2 Rb7 36.a4 b5
37.Nd6 Rb8 38.a5 c5 39.bxc5 Ndxc5 40.Kb2 Rd8 41.Na3 Rxd6 42.Rxd6 Kxd6 43.Nxb5+ Kc6
44.Nc3 Nc7 45.Kc2 Nb7 46.a6 Nc5 47.g4 Kb6 48.Kd2 Kxa6 49.Ke3 N5e6 50.g5 fxg5
51.hxg5 Kb6 52.Nd1 Kc6 53.Nf2 Kd6 54.Ng4 Nxg5 55.f4 exf4+ 56.Kxf4 Nce6+ 57.Ke3 Nc5
58.e5+ Kd5 59.Kf4 Nce6+ 60.Kg3 Ke4 61.Kh4 Kf4 62.Nh6 Ne4  0-1

[Event "Mondorf op"]
[Site "Mondorf"]
[Date "1991.??.??"]
[Round "3"]
[White "David, Alberto"]
[Black "Paehtz, Thomas Sr"]
[Result "0-1"]
[WhiteElo "2315"]
[BlackElo "2465"]

1.d4 Nf6 2.Nf3 g6 3.c4 Bg7 4.Nc3 O-O 5.e4 d6 6.Be2 e5 7.O-O Na6 8.Be3 c6
9.d5 Ng4 10.Bg5 f6 11.Bh4 h5 12.h3 Nh6 13.Ne1 c5 14.a3 Qe8 15.Nc2 f5 16.exf5 Nxf5
17.Bg5 e4 18.Re1 Qf7 19.Bf1 Nd4 20.Nxe4 Bf5 21.f3 Rae8 22.Bd3 Qd7 23.h4 b5
24.cxb5 Nc7 25.Ne3 Ncxb5 26.Nc4 Bh3 27.Bf1 Bf5 28.Bd3 Bh3 29.Rf1 Bf5 30.a4 Bxe4
31.Bxe4 Nc7 32.Bxg6 Nxd5 33.Bxh5 Re2 34.Rf2 Qe6 35.Rc1 Nf6 36.Bxf6 Bxf6 37.Bg4 Qe7
38.g3 d5 39.Nd2 Qe3  0-1

[Event "Mondorf op"]
[Site "Mondorf"]
[Date "1991.??.??"]
[Round "9"]
[White "Jolles, Hajo"]
[Black "Agababian, Naira"]
[Result "1/2-1/2"]
[WhiteElo "2310"]
[BlackElo "2080"]

1.c4 e5 2.Nc3 Nf6 3.Nf3 d6 4.d4 Nbd7 5.e4 g6 6.Be2 Bg7 7.O-O O-O 8.Re1 c6
9.Bf1 Re8 10.d5 c5 11.a3 Re7 12.Rb1 Ne8 13.b4 b6 14.Qc2 f6 15.h4 Rf7 16.h5 Bf8
17.g3 Be7 18.Bh3 Nf8 19.Bxc8 Qxc8 20.bxc5 bxc5 21.Kg2 Ng7 22.hxg6 Nxg6 23.Rh1 Qg4
24.Nh4 Nxh4+ 25.Rxh4 Qd7 26.Rh6 f5 27.Qa4 Qxa4 28.Nxa4 fxe4 29.Nc3 Nf5 30.Rh1 e3
31.Bxe3 Rg7 32.Ne4 Rf8 33.Bh6 Nxh6 34.Rxh6 Rgf7 35.Rb7 Rd8 36.Rxa7 Kg7 37.Re6 Bf8
38.Ra6 Rb8 39.Ng5 Rd7 40.Ne4 Rf7 41.Ng5 Rd7 42.Kg1 Rb1+ 43.Kg2 Rb8 44.Kg1 Rb1+
45.Kg2 Rb8 46.Kh3 Rb2 47.Re8 Be7 48.Ne4 Kh6 49.Nxc5 Rc7 50.Ne6 Rcb7 51.c5 Bg5
52.Rxd6 Ra7 53.Kg4 Be7 54.c6 Rxf2 55.Nc7+ Bf6 56.Ree6 Ra4+ 57.Kh3 Kg5 58.Ne8 Bh8
59.Rh6 Rxa3 60.Rh4 Raa2 61.Rg4+ Kh5 62.Rh4+ Kg5  1/2-1/2

[Event "FRA-ch Acc"]
[Site "Montpellier"]
[Date "1991.??.??"]
[Round "3"]
[White "Hartereau, Philippe"]
[Black "Caminade, Christian"]
[Result "0-1"]
[WhiteElo "2300"]
[BlackElo "2180"]

1.Nf3 Nf6 2.c4 g6 3.Nc3 d6 4.e4 Bg7 5.d4 O-O 6.Be2 e5 7.d5 a5 8.h4 h5 9.Bg5 Qe8
10.Nd2 Ng4 11.f3 Nh6 12.Be3 f5 13.c5 Nf7 14.Nc4 f4 15.Bf2 Bf6 16.cxd6 Nxd6
17.Nxd6 cxd6 18.Na4 Bd8 19.Qb3 Rf7 20.Rc1 Rc7 21.Kd2 Na6 22.Nb6 Rb8 23.Qa3 Qe7
24.Qxa5 Bd7 25.b4 Be8 26.Bb5 Bf7 27.a4 g5 28.Rxc7 Bxc7 29.Bxa6 Ra8 30.b5 Qd8
31.Ke2 Rb8 32.Rb1 g4 33.Qc3 g3 34.Na8 Ba5 35.Bb6 Bxb6 36.Bxb7 Rxb7 37.Nxb6 Qxb6
38.a5 Qf2+ 39.Kd3 Rxb5 40.Qc8+ Kg7 41.Rxb5 Qf1+ 42.Kc2 Qxb5 43.a6 Qa4+ 44.Kb2 Qd4+
45.Ka3 Qf2 46.Qc3 Qf1 47.Qc6 Qxg2 48.a7 Qxf3+  0-1

[Event "FRA-ch Acc"]
[Site "Montpellier"]
[Date "1991.??.??"]
[Round "5"]
[White "Olivier, Pierre"]
[Black "Mathe, Aurelien"]
[Result "0-1"]
[WhiteElo "2210"]
[BlackElo "2070"]

1.Nf3 Nf6 2.c4 g6 3.Nc3 Bg7 4.e4 d6 5.d4 O-O 6.Be2 e5 7.dxe5 dxe5 8.Qxd8 Rxd8
9.Bg5 c6 10.Nxe5 Re8 11.O-O-O Na6 12.Rd6 Nh5 13.Nf3 Nc5 14.e5 Ne6 15.Be3 Nef4
16.Rhd1 Nxg2 17.Rd8 Bg4 18.Rxe8+ Rxe8 19.Bxa7 Ngf4 20.Ng1 Nxe2+ 21.Ngxe2 Bxe5
22.Rd2 Bxh2 23.Be3 f5 24.Bg5 f4 25.Rd8 Rxd8 26.Bxd8 f3 27.Nd4 Nf4 28.Kd2 Ne6
29.Nxe6 Bxe6 30.Ke3 Bxc4 31.Kxf3 Kf7 32.Bg5 Be5 33.a3 Ke6 34.Bh6 Kf5 35.Be3 g5
36.Bb6 h5 37.Kg2 Bf4 38.Bd4 g4 39.Nd1 Bd5+ 40.Kg1 Ke4  0-1

[Event "FRA-ch Acc"]
[Site "Montpellier"]
[Date "1991.??.??"]
[Round "8"]
[White "Pira, Davoud"]
[Black "Moingt, Jean Claude"]
[Result "1-0"]
[WhiteElo "2320"]
[BlackElo "2235"]

1.d4 Nf6 2.Nf3 g6 3.c4 Bg7 4.Nc3 O-O 5.e4 d6 6.Be2 Na6 7.O-O e5 8.Be3 c6
9.d5 Ng4 10.Bg5 f6 11.Bh4 g5 12.Bg3 f5 13.exf5 Bxf5 14.dxc6 bxc6 15.Qa4 Nc7
16.Rad1 Rb8 17.h3 e4 18.hxg4 exf3 19.Bxf3 Rxb2 20.Qa3 Rc2 21.gxf5 Rxc3 22.Qxd6 Qxd6
23.Bxd6 Rc8 24.f6 Rxf3 25.gxf3 Bxf6 26.Rfe1 Kf7 27.Bg3 Bc3 28.Rd7+ Kg8 29.Re3 Ba5
30.Ree7 Ne8 31.Be5  1-0

[Event "Moscow5-B"]
[Site "Moscow"]
[Date "1991.??.??"]
[Round "?"]
[White "Yanvarjov, Igor"]
[Black "Yuferov, Sergey  N"]
[Result "1/2-1/2"]
[WhiteElo "2395"]
[BlackElo "2395"]

1.d4 Nf6 2.Nf3 g6 3.c4 Bg7 4.Nc3 O-O 5.e4 d6 6.Be2 e5 7.d5 a5 8.Bg5 h6 9.Bh4 Na6
10.Nd2 Qe8 11.O-O Nh7 12.a3 Bd7 13.Nb5 Bf6 14.Bxf6 Nxf6 15.b4 Qe7 16.Rb1 c6
17.Nc3 axb4 18.axb4 c5 19.Na2 cxb4 20.Nxb4 Nc5 21.Nd3 Ncxe4 22.Nxe4 Nxe4
23.Rxb7 Rfb8 24.Rxb8+ Rxb8 25.Qc1 Rc8 26.Qxh6 Nc3 27.Nc1 Nxe2+ 28.Nxe2 Rxc4
29.Rb1 Bc8 30.h3 Qa7 31.Ng3 Qe7 32.Rb8 Qc7 33.Rb3 Rf4 34.Nh5 gxh5 35.Rg3+ Bg4
36.Qxh5 Kf8 37.Qh8+ Ke7 38.Qh4+ Rf6 39.Rxg4 Qc1+ 40.Kh2 Qd2 41.f3 Qxd5 42.Ra4 Qb7
43.Rb4 Qc7 44.Rc4 Qb8 45.Rc6 Qd8 46.Ra6 Qc7 47.Qg5 Qd7 48.Qc1 Rg6 49.Qb1 Kf6
50.Qb8 Kg7 51.Ra8 Kf6 52.Qh8+ Ke6 53.Qf8 Kf5 54.Rd8 Qe6 55.Ra8 Qc4 56.Ra1 Qf4+
57.Kh1 Qc4 58.Re1 Qa2 59.Rg1 Ke6 60.f4 Qf2  1/2-1/2

[Event "Moscow5-B"]
[Site "Moscow"]
[Date "1991.??.??"]
[Round "?"]
[White "Vasiliev, Rustam N"]
[Black "Nikolenko, Oleg"]
[Result "1/2-1/2"]
[WhiteElo "2305"]
[BlackElo "2450"]

1.d4 Nf6 2.c4 g6 3.Nc3 Bg7 4.e4 d6 5.Nf3 O-O 6.Be2 e5 7.d5 a5 8.O-O Na6 9.Bg5 Nc5
10.Nd2 h6  1/2-1/2

[Event "Moscow5-B"]
[Site "Moscow"]
[Date "1991.??.??"]
[Round "?"]
[White "Yuferov, Sergey  N"]
[Black "Gavrilov, Alexei"]
[Result "1/2-1/2"]
[WhiteElo "2395"]
[BlackElo "2325"]

1.d4 Nf6 2.Nf3 g6 3.c4 Bg7 4.Nc3 O-O 5.e4 d6 6.Be2 e5 7.d5 a5 8.Bg5 h6 9.Bh4 Na6
10.Nd2 Qe8 11.O-O Nh7 12.a3 Bd7 13.Nb5 Bf6 14.Bxf6 Nxf6  1/2-1/2

[Event "Moscow5"]
[Site "Moscow"]
[Date "1991.??.??"]
[Round "?"]
[White "Naumkin, Igor"]
[Black "Szekely, Peter"]
[Result "1/2-1/2"]
[WhiteElo "2490"]
[BlackElo "2450"]

1.d4 Nf6 2.c4 g6 3.Nc3 Bg7 4.e4 d6 5.Nf3 O-O 6.Be2 e5 7.d5 a5 8.Bg5 h6 9.Bh4 Na6
10.Nd2 h5 11.O-O Bh6 12.f3 Be3+ 13.Kh1 g5 14.Be1 h4 15.Qc2 Nh5 16.Nd1 Bb6
17.Bf2 Bxf2 18.Rxf2 Nc5 19.Ne3 Kg7 20.b3 Rh8 21.Kg1 Bd7 22.a3 Qe7 23.Rb1 b6
24.b4 axb4 25.axb4 Nb7 26.Nb3 Rhb8 27.Rc1 Kg8 28.Qc3 Ra3 29.Ra1 Rba8 30.Rxa3 Rxa3
31.Nc2 Ra4 32.Bf1 Nf6 33.Qd2 Nh5 34.Ne3 Ra8 35.Qc1 Nf4 36.Rc2 Qe8 37.Rc3 Ba4
38.Ng4 Qe7 39.Qa1 Qf8 40.Qc1 f6 41.g3 hxg3 42.hxg3 Nh5 43.Kf2 Bd7 44.Ne3 Ra2+
45.Rc2 Qa8 46.Rxa2 Qxa2+ 47.Nd2  1/2-1/2

[Event "Moscow7 op"]
[Site "Moscow"]
[Date "1991.??.??"]
[Round "?"]
[White "Zvjaginsev, Vadim"]
[Black "Ionov, Sergey"]
[Result "1/2-1/2"]
[WhiteElo "2400"]
[BlackElo "2510"]

1.d4 d6 2.e4 g6 3.c4 Bg7 4.Nc3 Nf6 5.Be2 O-O 6.Nf3 e5 7.d5 a5 8.h3 Na6 9.Bg5 h6
10.Be3 Nh5 11.Nd2 Nf4 12.Bf1 Nb4 13.Ndb1 f5 14.g3 Nh5 15.exf5 Bxf5 16.Na3 Nf6
17.g4 Bd7 18.Qd2 h5 19.g5 Nh7 20.Bg2 Bf5 21.Ne4 b6 22.Nb5 Na6 23.Nbc3 Nc5
24.h4 Rf7 25.Ng3 Bg4 26.Bxc5 bxc5 27.Be4 Nf8 28.Qd3 Qd7  1/2-1/2

[Event "Moscow7 op"]
[Site "Moscow"]
[Date "1991.??.??"]
[Round "?"]
[White "Yanvarjov, Igor"]
[Black "Glek, Igor V"]
[Result "1/2-1/2"]
[WhiteElo "2385"]
[BlackElo "2530"]

1.d4 Nf6 2.Nf3 g6 3.c4 Bg7 4.Nc3 O-O 5.e4 d6 6.Be2 e5 7.d5 a5 8.Bg5 h6 9.Bh4 Na6
10.Nd2 h5 11.Bg5 Qe8 12.h4 Nh7 13.Be3 Qe7 14.Nb3 b6 15.Qd2 f5 16.f3 Bd7 17.Nc1 Nf6
18.Nd3 fxe4 19.Nxe4 Nxe4 20.fxe4 Nc5 21.Nxc5 bxc5 22.O-O-O a4 23.Bg5 Qe8
24.Rdf1 Rf4 25.Bd3 Rb8 26.g3 Rxf1+ 27.Rxf1 Bh3 28.Rf2 Qd7 29.Bh6 Qg4 30.Bxg7 Kxg7
31.Qg5 Qxg5+ 32.hxg5 Bd7 33.Kc2 Rh8 34.Rh2 Rf8 35.Be2 Bg4 36.Kd3 Bxe2+  1/2-1/2

[Event "Moscow4"]
[Site "Moscow"]
[Date "1991.??.??"]
[Round "?"]
[White "Yanvarjov, Igor"]
[Black "Kummerow, Heiko"]
[Result "1-0"]
[WhiteElo "2395"]
[BlackElo "2270"]

1.d4 Nf6 2.Nf3 g6 3.c4 Bg7 4.Nc3 O-O 5.e4 d6 6.Be2 e5 7.d5 Nbd7 8.Qc2 a5
9.Bg5 h6 10.Be3 Nc5 11.Nd2 Nh7 12.h4 f5 13.Bxc5 dxc5 14.h5 gxh5 15.O-O-O Nf6
16.Bxh5 f4 17.f3 Bd7 18.Bg6 Rc8 19.Bf5 Ne8 20.Bxd7 Qxd7 21.Qa4 Qxa4 22.Nxa4 b6
23.Nc3 Rf6 24.Nb5 Bf8 25.Rh3 Bd6 26.Rg1 Rg6 27.g4 Ng7 28.Rhh1 Ra8 29.Rh2 Kf7
30.Rgh1 Rh8 31.Kc2 Ke7 32.Nb3 Kd7 33.Nc1 Ke7 34.Nd3 h5 35.gxh5 Rgh6 36.Na7 Rxh5
37.Nc6+ Kf6 38.Rxh5 Rxh5 39.Rxh5 Nxh5 40.Kd2 Ng3 41.Ke1 Nh1 42.b3 Ng3 43.Nf2 Kg5
44.Nd3 Kf6 45.Nb8 Ke7 46.Nf2 Kf6 47.a4 Kg5 48.Nd7 Kh4 49.Nd3 Nh1 50.N3xe5 Kg3
51.Ng6 Kxf3 52.e5 Bxe5 53.Ndxe5+ Ke4 54.Nd7 f3 55.Nge5 Ke3 56.Ng4+ Kd4 57.Nxb6  1-0

[Event "Russian Winter op"]
[Site "Moscow"]
[Date "1991.??.??"]
[Round "?"]
[White "Agamaliev, Djamil"]
[Black "Suchorukow, Andrei"]
[Result "0-1"]
[WhiteElo "2335"]
[BlackElo "2270"]

1.d4 Nf6 2.Nf3 g6 3.c4 Bg7 4.Nc3 O-O 5.e4 d6 6.Be2 e5 7.d5 a5 8.Bg5 h6 9.Bh4 Na6
10.Nd2 Qe8 11.O-O Nh7 12.a3 Bd7 13.Rb1 a4 14.Nb5 h5 15.f3 Bh6 16.Bf2 Qe7
17.Qc2 h4 18.b4 Bf4 19.Rfd1 Qg5 20.Bf1 f5 21.c5 dxc5 22.bxc5 Nf6 23.d6 Bc6
24.Nxc7 Nxc7 25.dxc7 fxe4 26.fxe4 Bxh2+ 27.Kxh2 Ng4+ 28.Kg1 Rxf2 29.Qa2+ Kg7
30.Qe6 Qe3 31.Kh1 Qg3 32.Nf3 Rxf3 33.Qxg4 Rxf1+  0-1

[Event "Moscow3"]
[Site "Moscow"]
[Date "1991.??.??"]
[Round "?"]
[White "Naumkin, Igor"]
[Black "Foygel, Igor"]
[Result "0-1"]
[WhiteElo "2505"]
[BlackElo "2405"]

1.d4 Nf6 2.c4 g6 3.Nc3 Bg7 4.e4 d6 5.Nf3 O-O 6.Be2 e5 7.d5 a5 8.Bg5 h6 9.Bh4 Na6
10.O-O Qe8 11.Nd2 Nh7 12.a3 Bd7 13.b3 h5 14.f3 Bh6 15.Bf2 Qe7 16.Qc2 Bf4
17.Rab1 Qg5 18.Rfd1 h4 19.Kh1 Nf6 20.b4 Bg3 21.Bg1 axb4 22.axb4 Nh5 23.c5 Bxh2  0-1

[Event "Russian Winter op"]
[Site "Moscow"]
[Date "1991.??.??"]
[Round "?"]
[White "Ilinsky, Vladimir"]
[Black "Zakharevich, Igor"]
[Result "1/2-1/2"]
[WhiteElo "2360"]
[BlackElo "2310"]

1.Nf3 Nf6 2.c4 g6 3.Nc3 Bg7 4.e4 d6 5.d4 O-O 6.Be2 e5 7.d5 a5 8.O-O Na6 9.Re1 Nc5
10.Bf1 Bd7 11.g3  1/2-1/2

[Event "Moscow5-B"]
[Site "Moscow"]
[Date "1991.??.??"]
[Round "?"]
[White "Gavrilov, Alexei"]
[Black "Kalegin, Evgenij"]
[Result "1/2-1/2"]
[WhiteElo "2325"]
[BlackElo "2390"]

1.d4 Nf6 2.c4 g6 3.Nc3 Bg7 4.e4 d6 5.Nf3 O-O 6.Be2 e5 7.O-O Nbd7 8.Qc2 c6
9.Be3 Ng4 10.Bg5 f6 11.Bd2 f5 12.exf5 exd4 13.Bg5 Qa5 14.Nxd4 Bxd4 15.Bxg4 Ne5
16.Be2 Rxf5 17.Bh4 Bxc3 18.bxc3 Qc5 19.Qe4 Rf7 20.Rad1 Bf5 21.Qd4 Be6 22.Qxd6 Qxd6
23.Rxd6 Bxc4 24.Bxc4 Nxc4 25.Rd4 b5  1/2-1/2

[Event "Russian Winter op"]
[Site "Moscow"]
[Date "1991.??.??"]
[Round "?"]
[White "Goldin, Vladimir M"]
[Black "Sergeev, Vladimir"]
[Result "1-0"]
[WhiteElo "2345"]
[BlackElo "2325"]

1.Nf3 Nf6 2.c4 g6 3.Nc3 Bg7 4.d4 O-O 5.e4 d6 6.Be2 Nbd7 7.O-O e5 8.d5 h6
9.b4 Nh7 10.c5 f5 11.Nd2 Ndf6 12.Ba3 Rf7 13.Rc1 f4 14.Qc2 Bf8 15.cxd6 cxd6
16.Nb5 Ne8 17.Bb2 a6 18.Na3 Rg7 19.Nac4 g5 20.Nxe5 dxe5 21.Bxe5 Nhf6 22.Qb2 b5
23.Rc6 Rf7 24.Rfc1 Bb7 25.R6c5 Nd7 26.Bd4 Nxc5 27.bxc5 Nf6 28.c6 Bc8 29.Bd1 Qe7
30.Bb3 Nxe4 31.Re1 Bf5 32.f3 Qa3 33.fxe4 Qxb2 34.Bxb2 Bc5+ 35.Kf1 Be3 36.exf5 Bxd2
37.d6 Bxe1 38.Kxe1 Re8+ 39.Be6 Kf8 40.d7  1-0